[Event "107th YMCA Spring A"]
[Site "Warszawa"]
[Date "2012.05.11"]
[Round "5"]
[White "Guerrero Rodriguez, Alejandra"]
[Black "Pieczonka, Marcin"]
[Result "1-0"]
[WhiteElo "2057"]
[BlackElo "2110"]
[PlyCount "77"]
[EventDate "2012.04.13"]
[EventType "tourn"]
[EventRounds "1"]
[EventCountry "POL"]
[SourceDate "2012.04.11"]

1. e4 d6 2. d4 g6 3. Nc3 Bg7 4. Be3 Nd7 5. Qd2 e5 6. f4 Ne7 7. Nf3 c6 8. Bc4
Qa5 9. O-O d5 10. exd5 cxd5 11. Bb5 e4 12. Nxe4 Qb6 13. Nc3 O-O 14. a4 a6 15.
a5 Qd6 16. Bd3 Nf6 17. Ne5 Bf5 18. Bf2 h5 19. Rae1 Bxd3 20. Qxd3 Qb4 21. Bh4
Rad8 22. Ra1 Nf5 23. Ra4 Qd6 24. Be1 Rfe8 25. Ne2 Ng4 26. Rb4 Qe7 27. Rb6 f6
28. Bb4 Nxe5 29. Bxe7 Nxd3 30. Bxd8 Rxe2 31. cxd3 Ne3 32. Rc1 Rxg2+ 33. Kh1 Rf2
34. Rxb7 f5 35. Bf6 Bf8 36. h3 Rxf4 37. Rc8 Rf1+ 38. Kh2 Rf2+ 39. Kg3 1-0

[Event "107th YMCA Spring A"]
[Site "Warszawa"]
[Date "2012.05.02"]
[Round "5"]
[White "Choroszej, Aleksander"]
[Black "Zaczek, Jonathon"]
[Result "1-0"]
[WhiteElo "2070"]
[BlackElo "2126"]
[PlyCount "53"]
[EventDate "2012.04.13"]
[EventType "tourn"]
[EventRounds "1"]
[EventCountry "POL"]
[SourceDate "2012.04.11"]

1. d4 Nf6 2. c4 g6 3. Nc3 d5 4. cxd5 Nxd5 5. e4 Nxc3 6. bxc3 Bg7 7. Nf3 c5 8.
Rb1 O-O 9. Be2 Nd7 10. O-O Nf6 11. Qd3 b6 12. Bf4 cxd4 13. cxd4 Bb7 14. Nd2 Qd7
15. Bf3 Qa4 16. Rfd1 Qxa2 17. Nb3 Rfc8 18. Nc5 bxc5 19. Rxb7 cxd4 20. Rxe7 Rd8
21. h3 Rac8 22. Be5 Re8 23. Rxe8+ Rxe8 24. Qxd4 Nh5 25. Bxg7 Nxg7 26. Ra1 Ne6
27. Qc3 1-0

[Event "107th YMCA Spring A"]
[Site "Warszawa"]
[Date "2012.04.20"]
[Round "5"]
[White "Zurkowski, Andrzej"]
[Black "Cajbel, Maciej"]
[Result "0-1"]
[WhiteElo "2021"]
[BlackElo "2222"]
[PlyCount "94"]
[EventDate "2012.04.13"]
[EventType "tourn"]
[EventRounds "1"]
[EventCountry "POL"]
[SourceDate "2012.04.11"]

1. d4 Nf6 2. c4 c5 3. d5 e6 4. Nc3 exd5 5. cxd5 d6 6. e4 g6 7. f4 Bg7 8. Nf3
O-O 9. Be2 Re8 10. e5 dxe5 11. fxe5 Ng4 12. e6 fxe6 13. d6 Nc6 14. Ne4 Nge5 15.
O-O Nf7 16. Be3 b6 17. Nfg5 Nce5 18. h4 Nh6 19. Ng3 Bb7 20. Bb5 Neg4 21. Bf4
Bd4+ 22. Kh1 Rf8 23. Bc4 Rxf4 24. Rxf4 Bxg2+ 25. Kxg2 Ne3+ 26. Kh3 Nxd1 27.
Nxe6 Qxd6 28. Rxd1 Kh8 29. Ne4 Qe5 30. N4g5 Re8 31. Rdf1 Qb8 32. Rf7 Nxf7 33.
Rxf7 b5 34. Bd5 Qc8 35. Rxh7+ Kg8 36. Rc7 Kh8 37. Rh7+ Kg8 38. Rxa7 Kh8 39.
Nf7+ Kg8 40. Nfg5 Kh8 41. Nf7+ Kg8 42. Nd6 Qxe6+ 43. Bxe6+ Rxe6 44. Nxb5 Bxb2
45. Rc7 Re3+ 46. Kg4 Be5 47. Rc8+ Kg7 0-1

[Event "107th YMCA Spring A"]
[Site "Warszawa"]
[Date "2012.05.11"]
[Round "5"]
[White "Jozwik, Jacek"]
[Black "Sawicki, Mikolaj"]
[Result "0-1"]
[WhiteElo "2007"]
[BlackElo "2018"]
[PlyCount "90"]
[EventDate "2012.04.13"]
[EventType "tourn"]
[EventRounds "1"]
[EventCountry "POL"]
[SourceDate "2012.04.11"]

1. d4 d5 2. c4 e6 3. Nc3 Nf6 4. cxd5 exd5 5. Bg5 Be7 6. e3 h6 7. Bh4 c6 8. Bd3
Be6 9. Qc2 Nbd7 10. Nf3 Rc8 11. h3 Qa5 12. g4 b5 13. Nd2 g5 14. Bg3 a6 15. f4
Bd6 16. Rg1 Qc7 17. Ne2 Nb6 18. Nf3 Rg8 19. Ne5 Nc4 20. f5 Bd7 21. Bxc4 bxc4
22. Nc3 Qa5 23. O-O-O Bb4 24. a3 Bxc3 25. Qxc3 Qa4 26. Nf3 Ne4 27. Qc2 Qb5 28.
Nd2 Nxg3 29. Rxg3 f6 30. e4 c5 31. Nf3 c3 32. b3 Qa5 33. a4 c4 34. exd5 cxb3
35. Qxb3 Bxa4 36. Re1+ Kf7 37. Qa3 Rge8 38. Re6 c2 39. Rg1 Rb8 40. Rxf6+ Kxf6
41. Qd6+ Kf7 42. Nxg5+ hxg5 43. Qg6+ Ke7 44. Qe6+ Kd8 45. Qd6+ Kc8 0-1

[Event "107th YMCA Spring A"]
[Site "Warszawa"]
[Date "2012.05.02"]
[Round "5"]
[White "Moskwinski, Tadeusz"]
[Black "Sielicki, Tomasz"]
[Result "1-0"]
[WhiteElo "2127"]
[BlackElo "2011"]
[PlyCount "75"]
[EventDate "2012.04.13"]
[EventType "tourn"]
[EventRounds "1"]
[EventCountry "POL"]
[SourceDate "2012.04.11"]

1. e4 e5 2. Bc4 Nf6 3. d3 Nc6 4. Nf3 Bc5 5. O-O a6 6. c3 d6 7. Bb3 h6 8. Re1
Bg4 9. Nbd2 Nh5 10. h3 Bxh3 11. Bxf7+ Kxf7 12. Nxe5+ dxe5 13. Qxh5+ Ke7 14.
Qxh3 Rf8 15. Re2 Qd6 16. Nc4 Qe6 17. Be3 Bd6 18. Qxe6+ Kxe6 19. d4 Kf7 20. dxe5
Nxe5 21. Nxe5+ Bxe5 22. Rd1 Rad8 23. Red2 Rxd2 24. Rxd2 Ke6 25. g3 g5 26. Kg2
Bf6 27. f4 Rf7 28. Kf3 gxf4 29. gxf4 h5 30. Rd5 Rh7 31. f5+ Ke7 32. e5 Bh4 33.
Rd4 Be1 34. Bg5+ Kf7 35. e6+ Kg7 36. Rd7+ Kg8 37. Rd8+ Kg7 38. e7 1-0

[Event "107th YMCA Spring A"]
[Site "Warszawa"]
[Date "2012.05.22"]
[Round "6"]
[White "Pieczonka, Marcin"]
[Black "Sielicki, Tomasz"]
[Result "0-1"]
[WhiteElo "2110"]
[BlackElo "2011"]
[PlyCount "70"]
[EventDate "2012.04.13"]
[EventType "tourn"]
[EventRounds "1"]
[EventCountry "POL"]
[SourceDate "2012.04.11"]

1. e4 e5 2. Nf3 Nc6 3. d4 exd4 4. Nxd4 Nf6 5. Nxc6 bxc6 6. e5 Qe7 7. Qe2 Nd5 8.
c4 Ba6 9. b3 g6 10. Bb2 Bg7 11. g3 O-O 12. Bg2 Rae8 13. O-O Bxe5 14. Qxe5 Qxe5
15. Bxe5 Rxe5 16. cxd5 Bxf1 17. Kxf1 cxd5 18. f4 Re3 19. Bxd5 Rd3 20. Be4 Rd1+
21. Ke2 Rg1 22. Kf2 Rc1 23. a4 Re8 24. Bd3 Ree1 25. h4 Kf8 26. h5 f5 27. a5 Ke7
28. a6 d5 29. b4 c6 30. hxg6 hxg6 31. Bc2 Rh1 32. Kg2 Kd6 33. Bd3 Rhd1 34. Ra3
Rxd3 35. Rxd3 Rxb1 0-1

[Event "107th YMCA Spring A"]
[Site "Warszawa"]
[Date "2012.05.18"]
[Round "6"]
[White "Sawicki, Mikolaj"]
[Black "Moskwinski, Tadeusz"]
[Result "1-0"]
[WhiteElo "2018"]
[BlackElo "2127"]
[PlyCount "45"]
[EventDate "2012.04.13"]
[EventType "tourn"]
[EventRounds "1"]
[EventCountry "POL"]
[SourceDate "2012.04.11"]

1. e4 c5 2. Nf3 Nc6 3. d4 cxd4 4. Nxd4 Nf6 5. Nc3 e5 6. Ndb5 d6 7. Nd5 Nxd5 8.
exd5 Nb8 9. c4 a6 10. Qa4 Nd7 11. c5 Nxc5 12. Nc7+ Ke7 13. Qh4+ f6 14. Nxa8 Bf5
15. b4 Nd7 16. Be2 Qxa8 17. Bg4 Bg6 18. Be3 Bf7 19. Qh3 Qd8 20. Be6 Be8 21. Rc1
g6 22. O-O Bg7 23. Bh6 1-0

[Event "107th YMCA Spring A"]
[Site "Warszawa"]
[Date "2012.05.15"]
[Round "6"]
[White "Goslawski, Michal"]
[Black "Jozwik, Jacek"]
[Result "1-0"]
[WhiteElo "2067"]
[BlackElo "2007"]
[PlyCount "117"]
[EventDate "2012.04.13"]
[EventType "tourn"]
[EventRounds "1"]
[EventCountry "POL"]
[SourceDate "2012.04.11"]

1. e4 d5 2. exd5 Nf6 3. c4 c6 4. d4 cxd5 5. Nc3 e6 6. Nf3 Be7 7. Bg5 O-O 8. c5
h6 9. Bf4 b6 10. b4 bxc5 11. bxc5 Nc6 12. Bb5 Bb7 13. O-O Ne4 14. Rc1 Qa5 15.
Bxc6 Bxc6 16. Ne5 Bb5 17. Nxb5 Qxb5 18. f3 Nf6 19. Rb1 Qa6 20. Qd3 Qxd3 21.
Nxd3 Nh5 22. Be5 f6 23. Bc7 g5 24. Rb7 Ng7 25. g4 Rfc8 26. Re1 Kf8 27. Kg2 a5
28. a4 Ra6 29. Bb6 h5 30. gxh5 Kf7 31. f4 g4 32. Nc1 Nf5 33. Nb3 Rg8 34. c6 g3
35. Bc5 Rxc6 36. Nxa5 Ra6 37. Bxe7 Nxe7 38. f5 gxh2+ 39. Kxh2 Rh8 40. fxe6+
Rxe6 41. Rxe6 Kxe6 42. Nb3 Rxh5+ 43. Kg2 Nc6 44. a5 Rh4 45. a6 Kf5 46. a7 Rh8
47. Na5 Nxa7 48. Rxa7 Ke4 49. Nc6 f5 50. Re7+ Kd3 51. Re6 Rh4 52. Ne5+ Kc3 53.
Rc6+ Kb3 54. Nf3 Kb4 55. Kg3 Re4 56. Rf6 Kc3 57. Rxf5 Kd3 58. Rxd5 Re3 59. Re5
1-0

[Event "107th YMCA Spring A"]
[Site "Warszawa"]
[Date "2012.05.22"]
[Round "6"]
[White "Cajbel, Maciej"]
[Black "Jarmula, Lukasz"]
[Result "1/2-1/2"]
[WhiteElo "2222"]
[BlackElo "2013"]
[Annotator "M"]
[PlyCount "67"]
[EventDate "2012.04.13"]
[EventType "tourn"]
[EventRounds "1"]
[EventCountry "POL"]
[SourceDate "2012.04.11"]

1. c4 Nf6 2. g3 g6 3. Bg2 Bg7 4. Nc3 O-O 5. Nf3 c6 6. O-O d5 7. cxd5 cxd5 8. d4
Ne4 9. Qb3 Nxc3 10. bxc3 Nc6 11. Nd2 e6 12. Ba3 Re8 13. e4 Na5 14. Qc2 b6 15.
Bb4 Nc6 16. e5 Ba6 17. Rfc1 Rc8 18. Qa4 Bd3 19. Bd6 Qd7 20. Qd1 Na5 21. Nb3 Qb5
22. Nxa5 bxa5 $11 23. a4 Qa6 24. Qd2 Bf8 25. Bxf8 Kxf8 26. h4 h5 27. Rd1 Bf5
28. Bf1 Qb7 29. Bb5 Red8 30. Rdc1 Qe7 31. Ra2 Kg7 32. Kh2 Rb8 33. Raa1 Rb6 34.
Ra2 $11 1/2-1/2

[Event "107th YMCA Spring A"]
[Site "Warszawa"]
[Date "2012.05.17"]
[Round "6"]
[White "Zaczek, Jonathon"]
[Black "Zurkowski, Andrzej"]
[Result "1/2-1/2"]
[WhiteElo "2126"]
[BlackElo "2021"]
[Annotator "M"]
[PlyCount "66"]
[EventDate "2012.04.13"]
[EventType "tourn"]
[EventRounds "1"]
[EventCountry "POL"]
[SourceDate "2012.04.11"]

1. e4 d5 2. exd5 Nf6 3. d4 Nxd5 4. c4 Nb6 5. Nc3 e5 6. Be3 Bb4 7. d5 O-O 8. Qb3
Bxc3+ 9. Qxc3 c6 10. O-O-O cxd5 11. Qxe5 N8d7 12. Qd4 dxc4 13. Kb1 Qc7 14. Nf3
Nf6 15. Bf4 Bf5+ 16. Ka1 Qc8 17. Ne5 Rd8 18. Qxd8+ Qxd8 19. Rxd8+ Rxd8 20. Be2
Nfd5 21. Bg3 Nb4 22. a3 Nc2+ 23. Ka2 Be6 24. Kb1 Nd4 25. Rd1 Bf5+ 26. Ka2 Bc2
27. Rd2 Bb3+ 28. Kb1 Ne6 29. Rxd8+ Nxd8 30. Bf3 Ba4 31. Be2 Bb3 32. Bf3 Ba4 33.
Be2 Bb3 $11 1/2-1/2

[Event "107th YMCA Spring A"]
[Site "Warszawa"]
[Date "2012.05.18"]
[Round "6"]
[White "Guerrero Rodriguez, Alejandra"]
[Black "Choroszej, Aleksander"]
[Result "0-1"]
[WhiteElo "2057"]
[BlackElo "2070"]
[PlyCount "126"]
[EventDate "2012.04.13"]
[EventType "tourn"]
[EventRounds "1"]
[EventCountry "POL"]
[SourceDate "2012.04.11"]

1. e4 g6 2. d4 Bg7 3. Nc3 d6 4. Be3 a6 5. Qd2 Nd7 6. h4 h5 7. Nh3 b5 8. Ng5 Bb7
9. a4 c6 10. Bd3 Ngf6 11. f4 Ng4 12. e5 dxe5 13. fxe5 Nb6 14. e6 f5 15. Nf7 Qc8
16. Nxh8 Qxe6 17. O-O-O Nxe3 18. Rde1 Bh6 19. Kb1 O-O-O 20. a5 Nd7 21. Nd1 Rxh8
22. Nxe3 Qd6 23. d5 Kb8 24. dxc6 Bxc6 25. Qe2 e5 26. Rd1 Qf6 27. c3 Nc5 28. Bc2
e4 29. Nd5 Qe5 30. Nb4 Bb7 31. Rd4 Ne6 32. Rd7 Nc5 33. Rxb7+ Kxb7 34. Rd1 Rc8
35. Nd5 Rd8 36. Nb6 Rd6 37. b4 Ne6 38. Bb3 Nc7 39. Nd7 Rxd1+ 40. Qxd1 Qxc3 41.
Nc5+ Ka7 42. Qd7 Qc1+ 43. Ka2 Qd2+ 44. Kb1 Qxd7 45. Nxd7 Bd2 46. Ne5 Kb7 47.
Nxg6 Bxb4 48. Nf4 Be1 49. Nxh5 Bxh4 50. Ng7 f4 51. Nf5 Be1 52. Nd6+ Kc6 53.
Nxe4 Bxa5 54. Nf6 Bb6 55. Nh5 Be3 56. Kc2 a5 57. Kd3 a4 58. Bf7 Nd5 59. g3 a3
60. Kc2 f3 61. g4 f2 62. Ng3 Bf4 63. Nf1 Ne3+ 0-1

[Event "107th YMCA Spring A"]
[Site "Warszawa"]
[Date "2012.05.25"]
[Round "7"]
[White "Choroszej, Aleksander"]
[Black "Pieczonka, Marcin"]
[Result "1-0"]
[WhiteElo "2070"]
[BlackElo "2110"]
[PlyCount "55"]
[EventDate "2012.04.13"]
[EventType "tourn"]
[EventRounds "1"]
[EventCountry "POL"]
[SourceDate "2012.04.11"]

1. d4 Nf6 2. c4 g6 3. Nc3 Bg7 4. e4 d6 5. f4 O-O 6. Nf3 c5 7. d5 e6 8. Be2 exd5
9. cxd5 Re8 10. e5 dxe5 11. fxe5 Ng4 12. e6 fxe6 13. d6 Nc6 14. O-O Nge5 15.
Ne4 h6 16. Qe1 Rf8 17. Qg3 g5 18. Be3 b6 19. Nfxg5 hxg5 20. Bxg5 Qe8 21. Rxf8+
Kxf8 22. Rf1+ Nf7 23. Bf6 Bh6 24. Bh5 Ba6 25. Rf2 Rd8 26. Qg6 Rd7 27. Be7+ Rxe7
28. Qxh6+ 1-0

[Event "107th YMCA Spring A"]
[Site "Warszawa"]
[Date "2012.05.25"]
[Round "7"]
[White "Zurkowski, Andrzej"]
[Black "Guerrero Rodriguez, Alejandra"]
[Result "1-0"]
[WhiteElo "2021"]
[BlackElo "2057"]
[PlyCount "73"]
[EventDate "2012.04.13"]
[EventType "tourn"]
[EventRounds "1"]
[EventCountry "POL"]
[SourceDate "2012.04.11"]

1. d4 Nf6 2. c4 c5 3. d5 b5 4. cxb5 a6 5. f3 d6 6. e4 g6 7. Nc3 Bg7 8. bxa6 O-O
9. Bd3 Nxa6 10. Nge2 e6 11. dxe6 Bxe6 12. Nf4 Nb4 13. Nxe6 Nxd3+ 14. Qxd3 fxe6
15. O-O Nh5 16. Be3 Nf4 17. Qd2 Be5 18. g3 Nh5 19. f4 Bg7 20. Rfd1 Rb8 21. a4
Qb6 22. Nb5 Rfd8 23. Rac1 Nf6 24. Qd3 Ng4 25. b3 Nxe3 26. Qxe3 Rbc8 27. Kg2 d5
28. exd5 exd5 29. b4 d4 30. bxc5 Rxc5 31. Qb3+ Kh8 32. Nxd4 Qc7 33. Ne6 Qc6+
34. Kh3 Rh5+ 35. Kg4 Rh4+ 36. Kxh4 Bf6+ 37. Kh3 1-0

[Event "107th YMCA Spring A"]
[Site "Warszawa"]
[Date "2012.05.24"]
[Round "7"]
[White "Jarmula, Lukasz"]
[Black "Zaczek, Jonathon"]
[Result "0-1"]
[WhiteElo "2013"]
[BlackElo "2126"]
[PlyCount "52"]
[EventDate "2012.04.13"]
[EventType "tourn"]
[EventRounds "1"]
[EventCountry "POL"]
[SourceDate "2012.04.11"]

1. d4 Nf6 2. c4 g6 3. f3 c5 4. d5 d6 5. e4 Bg7 6. Ne2 O-O 7. Nec3 e6 8. Be3
exd5 9. cxd5 Re8 10. Nd2 Nbd7 11. Nc4 Ne5 12. Nxe5 Rxe5 13. Qd2 Nh5 14. g4 Nf6
15. Bf4 Re8 16. Bg5 h6 17. Bf4 Bxg4 18. Be2 Bh5 19. O-O-O Kh7 20. h4 a6 21. Qe1
b5 22. Qf2 Qe7 23. Bd3 Nd7 24. Rdg1 Ne5 25. Be2 Nc4 26. Bxc4 bxc4 0-1

[Event "107th YMCA Spring A"]
[Site "Warszawa"]
[Date "2012.05.22"]
[Round "7"]
[White "Moskwinski, Tadeusz"]
[Black "Goslawski, Michal"]
[Result "1/2-1/2"]
[WhiteElo "2127"]
[BlackElo "2067"]
[Annotator "M"]
[PlyCount "61"]
[EventDate "2012.04.13"]
[EventType "tourn"]
[EventRounds "1"]
[EventCountry "POL"]
[SourceDate "2012.04.11"]

1. e4 c5 2. Nc3 Nc6 3. Nf3 d6 4. d4 cxd4 5. Nxd4 Nf6 6. Bg5 Bd7 7. Qd2 Rc8 8.
O-O-O Nxd4 9. Qxd4 Qa5 10. Be3 g6 11. f3 a6 12. Kb1 Bg7 13. Nd5 Be6 14. Bc4
Bxd5 15. Bxd5 O-O 16. Qd2 Qxd2 17. Rxd2 Nxd5 18. exd5 Rc4 19. Bg5 f6 20. Be3 f5
21. Bg5 Kf7 22. Re1 Re8 23. Rd3 Bf6 24. h4 Rec8 25. Re2 R8c7 26. b3 Rc3 27.
Rxc3 Bxc3 28. a3 b5 29. Re6 Bg7 30. Kc1 Be5 31. Kb1 $11 1/2-1/2

[Event "107th YMCA Spring A"]
[Site "Warszawa"]
[Date "2012.05.24"]
[Round "7"]
[White "Sielicki, Tomasz"]
[Black "Sawicki, Mikolaj"]
[Result "1/2-1/2"]
[WhiteElo "2011"]
[BlackElo "2018"]
[PlyCount "88"]
[EventDate "2012.04.13"]
[EventType "tourn"]
[EventRounds "1"]
[EventCountry "POL"]
[SourceDate "2012.04.11"]

1. d4 Nf6 2. Bg5 Ne4 3. h4 h6 4. Bf4 d5 5. Nd2 Bf5 6. e3 e6 7. Ne2 Be7 8. Nxe4
Bxe4 9. c4 c6 10. Nc3 Qa5 11. Qb3 b6 12. f3 Bh7 13. cxd5 exd5 14. Kf2 Nd7 15.
a3 O-O 16. Qd1 b5 17. Bd3 Bxd3 18. Qxd3 b4 19. axb4 Qxb4 20. g4 Qxb2+ 21. Kg3
Qb7 22. g5 h5 23. e4 Nb6 24. e5 Qd7 25. Ra6 c5 26. dxc5 Bxc5 27. Rd1 Rfd8 28.
Rda1 Qe7 29. Nb5 Nc4 30. e6 fxe6 31. Qg6 e5 32. Bc1 Qf7 33. Qxf7+ Kxf7 34. Nc7
Rac8 35. g6+ Kg8 36. Ne6 Rd7 37. Nxc5 Rxc5 38. Rxa7 Rxa7 39. Rxa7 Nb6 40. Bb2
Rc6 41. Bxe5 Rxg6+ 42. Kf4 Kh7 43. Bd4 Nc4 44. Rd7 Nd6 1/2-1/2

[Event "107th YMCA Spring A"]
[Site "Warszawa"]
[Date "2012.06.01"]
[Round "8"]
[White "Pieczonka, Marcin"]
[Black "Sawicki, Mikolaj"]
[Result "1-0"]
[WhiteElo "2110"]
[BlackElo "2018"]
[PlyCount "53"]
[EventDate "2012.04.13"]
[EventType "tourn"]
[EventRounds "1"]
[EventCountry "POL"]
[SourceDate "2012.04.11"]

1. e4 c5 2. Nf3 Nc6 3. d4 cxd4 4. Nxd4 g6 5. Nc3 Bg7 6. Be3 Nf6 7. Bc4 O-O 8.
f3 Qb6 9. O-O Qxb2 10. Nce2 Qb4 11. Bb3 d6 12. Rb1 Qa5 13. h3 a6 14. c3 d5 15.
Nxc6 bxc6 16. e5 Nd7 17. f4 e6 18. c4 Rb8 19. Qc2 f6 20. Nd4 fxe5 21. Nxc6 Qa3
22. Nxb8 Nxb8 23. fxe5 Bxe5 24. Rxf8+ Qxf8 25. cxd5 exd5 26. Bxd5+ Kh8 27. Rxb8
1-0

[Event "107th YMCA Spring A"]
[Site "Warszawa"]
[Date "2012.06.07"]
[Round "8"]
[White "Cajbel, Maciej"]
[Black "Moskwinski, Tadeusz"]
[Result "1-0"]
[WhiteElo "2222"]
[BlackElo "2127"]
[PlyCount "43"]
[EventDate "2012.04.13"]
[EventType "tourn"]
[EventRounds "1"]
[EventCountry "POL"]
[SourceDate "2012.04.11"]

1. e4 c5 2. Nc3 d6 3. f4 g6 4. Nf3 Bg7 5. Bc4 Nc6 6. O-O Nf6 7. d3 O-O 8. Qe1
Nd4 9. Nxd4 cxd4 10. Nd5 Nxd5 11. Bxd5 Qc7 12. f5 Bd7 13. Qh4 Bc6 14. Bb3 a5
15. a4 Rad8 16. fxg6 hxg6 17. Rf3 e6 18. Bg5 Rd7 19. Raf1 Re8 20. Rh3 d5 21.
Qh7+ Kf8 22. Qxg7+ 1-0

[Event "107th YMCA Spring A"]
[Site "Warszawa"]
[Date "2012.05.15"]
[Round "8"]
[White "Guerrero Rodriguez, Alejandra"]
[Black "Jarmula, Lukasz"]
[Result "0-1"]
[WhiteElo "2057"]
[BlackElo "2013"]
[PlyCount "74"]
[EventDate "2012.04.13"]
[EventType "tourn"]
[EventRounds "1"]
[EventCountry "POL"]
[SourceDate "2012.04.11"]

1. e4 e5 2. Nf3 Nc6 3. d4 exd4 4. Nxd4 Bc5 5. Nb3 Bb6 6. Nc3 d6 7. Qe2 Nd4 8.
Nxd4 Bxd4 9. Bd2 Nf6 10. O-O-O O-O 11. f3 c6 12. Qd3 Bxc3 13. Qxc3 d5 14. e5
Nd7 15. f4 Re8 16. Qg3 Nc5 17. Bd3 Nxd3+ 18. Qxd3 Bg4 19. Rde1 Qd7 20. h3 Bf5
21. Qb3 c5 22. g4 c4 23. Qb4 a5 24. Qb6 Be4 25. Rh2 Qa4 26. Bc3 Qxa2 27. f5
Qa1+ 28. Kd2 Qa4 29. Kc1 Qd7 30. Qd4 Qc7 31. Rf2 b5 32. Qe3 b4 33. Bd4 a4 34.
f6 a3 35. bxa3 c3 36. Kd1 Rxa3 37. Rf5 Qc4 0-1

[Event "107th YMCA Spring A"]
[Site "Warszawa"]
[Date "2012.06.01"]
[Round "8"]
[White "Choroszej, Aleksander"]
[Black "Zurkowski, Andrzej"]
[Result "1/2-1/2"]
[WhiteElo "2070"]
[BlackElo "2021"]
[Annotator "Admin"]
[PlyCount "20"]
[EventDate "2012.04.13"]
[EventType "tourn"]
[EventRounds "1"]
[EventCountry "POL"]
[SourceDate "2012.04.11"]

1. d4 d5 2. c4 e6 3. Nc3 Nf6 4. Nf3 c6 5. e3 Nbd7 6. Qc2 Be7 7. g4 Bb4 8. Bd2
dxc4 9. Bxc4 Nd5 10. O-O-O Be7 $11 1/2-1/2

[Event "107th YMCA Spring A"]
[Site "Warszawa"]
[Date "2012.06.13"]
[Round "9"]
[White "Jarmula, Lukasz"]
[Black "Choroszej, Aleksander"]
[Result "1/2-1/2"]
[WhiteElo "2013"]
[BlackElo "2070"]
[Annotator "Admin"]
[PlyCount "41"]
[EventDate "2012.04.13"]
[EventType "tourn"]
[EventRounds "1"]
[EventCountry "POL"]
[SourceDate "2012.04.11"]

1. d4 g6 2. c4 Bg7 3. Nc3 d6 4. Nf3 Nf6 5. e4 O-O 6. Be2 e5 7. O-O Nc6 8. d5
Ne7 9. b4 Nh5 10. g3 f5 11. Ng5 Nf6 12. Bf3 c6 13. Bg2 h6 14. Ne6 Bxe6 15. dxe6
fxe4 16. b5 d5 17. Ba3 Re8 18. Qb3 dxc4 19. Qxc4 Qd3 20. Qb3 Ned5 21. Nxe4 $11
1/2-1/2

[Event "107th YMCA Spring A"]
[Site "Warszawa"]
[Date "2012.06.08"]
[Round "9"]
[White "Moskwinski, Tadeusz"]
[Black "Zaczek, Jonathon"]
[Result "0-1"]
[WhiteElo "2127"]
[BlackElo "2126"]
[Annotator "Admin"]
[PlyCount "136"]
[EventDate "2012.04.13"]
[EventType "tourn"]
[EventRounds "1"]
[EventCountry "POL"]
[SourceDate "2012.04.11"]

1. c4 Nf6 2. Nc3 d5 3. d4 g6 4. g3 Bg7 5. Bg2 dxc4 6. Qa4+ Nbd7 7. Nf3 O-O 8.
Qxc4 Nb6 9. Qd3 Nbd5 10. e4 Nxc3 11. bxc3 c5 12. O-O Qa5 13. Bf4 cxd4 14. cxd4
b6 15. Rfc1 Ba6 16. Qe3 Rac8 17. Ne5 Bb7 18. a3 Qa4 19. Bf3 Rfd8 20. d5 e6 21.
dxe6 fxe6 22. Rxc8 Rxc8 23. Rc1 Qe8 24. Nc4 Qc6 25. Qb3 Nxe4 26. Nd6 Qxc1+ 27.
Bxc1 Rxc1+ 28. Kg2 Bd5 29. Qb4 Bc3 30. Qa4 Nxd6 31. Bxd5 exd5 32. Qf4 Rd1 33.
Qxd6 Ba5 34. Kf3 d4 35. Kg4 Rc1 36. Qd8+ Kg7 37. Qxd4+ Kg8 38. Kg5 Rc5+ 39. Kg4
Rf5 40. f4 Rc5 41. Qd8+ Kg7 42. Qe7+ Kg8 43. Kf3 Rc3+ 44. Kg4 Rc5 45. Qxa7 Rf5
46. Qa8+ Kg7 47. Qb7+ Kg8 48. Qc8+ Kg7 49. Qd7+ Kg8 50. Kf3 Rc5 51. g4 Rc3+ 52.
Ke4 Rc4+ 53. Kf3 Rc3+ 54. Ke2 Rc2+ 55. Ke3 Rc3+ 56. Kd4 Rc1 57. Qe6+ Kg7 58. f5
Rd1+ 59. Kc4 gxf5 60. gxf5 Rc1+ 61. Kb5 Rb1+ 62. Kc6 Re1 63. Qd7+ Kf6 64. Qxh7
Rc1+ 65. Kd7 Rd1+ 66. Ke8 Re1+ 67. Kf8 Rg1 68. Qf7+ Ke5 $138 0-1

[Event "107th YMCA Spring A"]
[Site "Warszawa"]
[Date "2012.06.05"]
[Round "9"]
[White "Sawicki, Mikolaj"]
[Black "Goslawski, Michal"]
[Result "1-0"]
[WhiteElo "2018"]
[BlackElo "2067"]
[PlyCount "115"]
[EventDate "2012.04.13"]
[EventType "tourn"]
[EventRounds "1"]
[EventCountry "POL"]
[SourceDate "2012.04.11"]

1. e4 e6 2. d4 d5 3. Nd2 Be7 4. Ngf3 Nf6 5. Bd3 c5 6. dxc5 dxe4 7. Nxe4 Nxe4 8.
Bxe4 Qxd1+ 9. Kxd1 Bxc5 10. Ke2 Nd7 11. Be3 Bxe3 12. Kxe3 Nf6 13. Rad1 Nxe4 14.
Kxe4 b6 15. Rd2 Bb7+ 16. Ke3 Ke7 17. Ne5 Rhd8 18. Rhd1 f6 19. Nf3 Rxd2 20. Rxd2
Rc8 21. g3 e5 22. Ne1 Rc4 23. f3 g5 24. b3 Rc3+ 25. Rd3 Rc8 26. c4 f5 27. f4
Be4 28. Rd2 exf4+ 29. gxf4 g4 30. Nd3 Bxd3 31. Rxd3 Rc6 32. Kf2 a5 33. Rd5 Kf6
34. Kg3 Re6 35. Rb5 Re3+ 36. Kg2 Re6 37. a4 Kg6 38. c5 bxc5 39. Rxc5 Re2+ 40.
Kg3 Re3+ 41. Kg2 Rxb3 42. Rc6+ Kf7 43. Rc7+ Ke6 44. Rxh7 Rb2+ 45. Kg3 Rb3+ 46.
Kg2 Rb4 47. Kg3 Rb3+ 48. Kg2 Ra3 49. Ra7 Rxa4 50. Kg3 Ra2 51. Ra8 a4 52. Ra5
Kf6 53. Ra6+ Kg7 54. Ra7+ Kg6 55. Ra6+ Kh5 56. Rf6 Ra3+ 57. Kg2 Kh4 58. Rh6#
1-0

[Event "107th YMCA Spring A"]
[Site "Warszawa"]
[Date "2012.06.20"]
[Round "10"]
[White "Cajbel, Maciej"]
[Black "Sawicki, Mikolaj"]
[Result "1-0"]
[WhiteElo "2222"]
[BlackElo "2018"]
[PlyCount "83"]
[EventDate "2012.04.13"]
[EventType "tourn"]
[EventRounds "1"]
[EventCountry "POL"]
[SourceDate "2012.04.11"]

1. e4 g6 2. d4 Bg7 3. Nc3 c6 4. f4 d5 5. e5 Qb6 6. h3 Nh6 7. g4 f6 8. Bg2 O-O
9. Nf3 Nf7 10. Qe2 fxe5 11. fxe5 Na6 12. b3 Be6 13. Na4 Qc7 14. Bb2 Bh6 15. O-O
Ng5 16. Nd2 Rxf1+ 17. Rxf1 Rf8 18. h4 Rxf1+ 19. Bxf1 Nf7 20. g5 Bg7 21. Qg2 b5
22. Nc3 Nb4 23. Nf3 Bf5 24. Ne1 Qa5 25. a3 Na2 26. Qg3 Nxc3 27. Qxc3 Qb6 28.
Kh2 Nd8 29. Bh3 Ne6 30. Bxf5 gxf5 31. Qd3 Bxe5+ 32. dxe5 Qf2+ 33. Ng2 f4 34.
Qf5 Qg3+ 35. Kh1 f3 36. Qxe6+ Kf8 37. Qc8+ Kg7 38. e6+ Kg6 39. Qe8+ Kf5 40.
Qf7+ Kg4 41. Ne3+ Kh3 42. Qf5+ 1-0

[Event "107th YMCA Spring A"]
[Site "Warszawa"]
[Date "2012.06.15"]
[Round "10"]
[White "Guerrero Rodriguez, Alejandra"]
[Black "Moskwinski, Tadeusz"]
[Result "1-0"]
[WhiteElo "2057"]
[BlackElo "2127"]
[PlyCount "69"]
[EventDate "2012.04.13"]
[EventType "tourn"]
[EventRounds "1"]
[EventCountry "POL"]
[SourceDate "2012.04.11"]

1. c4 c6 2. e4 e5 3. Nf3 d6 4. d4 Nd7 5. Nc3 Ngf6 6. Be2 Be7 7. h3 O-O 8. Be3
Re8 9. Qc2 Bf8 10. O-O-O Qa5 11. g4 exd4 12. Nxd4 Nc5 13. Bf3 Ne6 14. Nf5 Qc7
15. g5 Nd7 16. Rhg1 a6 17. Qd2 Rd8 18. Be2 Nb8 19. f4 Kh8 20. Bd3 b5 21. Qf2
Nd7 22. Qh4 Ndc5 23. Bc2 bxc4 24. Nd4 Rb8 25. f5 Nxd4 26. Bxd4 Kg8 27. g6 hxg6
28. fxg6 fxg6 29. Bxc5 Be7 30. Qg3 Qb7 31. Ba3 Bf8 32. Qxg6 d5 33. exd5 Bxa3
34. Qh7+ Kf8 35. Qh8+ 1-0